[Event "GER-ch Seniors 65 31st"]
[Site "Radebeul"]
[Date "2019.04.30"]
[Round "5"]
[White "Schleicher, Winfried"]
[Black "Lichtblau, Ernst"]
[Result "0-1"]
[WhiteElo "1352"]
[BlackElo "1729"]
[PlyCount "64"]
[EventDate "2019.04.26"]
[EventType "swiss"]
[EventRounds "9"]
[EventCountry "GER"]
[SourceTitle "CBM 190 Extra"]
[Source "ChessBase"]
[SourceDate "2019.07.15"]
[SourceVersion "1"]
[SourceVersionDate "2019.07.15"]
[SourceQuality "1"]

1. d4 d5 2. Bf4 c6 3. e3 Bf5 4. Nd2 e6 5. Ngf3 Bd6 6. Ne5 f6 7. Nef3 Bxf4 8. exf4 Ne7 9. Nh4 0-0 10. Nxf5 Nxf5 11. Nf3 Nd7 12. Bd3 Nd6 13. 0-0 c5 14. Re1 Re8 15. dxc5 Nxc5 16. Be2 Qb6 17. b3 Nce4 18. Rf1 Nc3 19. Qd2 Nxe2+ 20. Qxe2 Rac8 21. Rac1 Qb4 22. Qd2 Qa3 23. c4 Ne4 24. Qc2 Qd6 25. g3 Qb4 26. Qd1 Qa3 27. Qe2 Qa6 28. Rc2 Nd6 29. Rfc1 dxc4 30. bxc4 b6 31. Kf1 Qb7 32. Nd2 Qh1# 0-1

[Event "GER-ch Seniors 65"]
[Site "Hamburg"]
[Date "2018.07.25"]
[Round "5"]
[White "Wang, Huanying"]
[Black "Schleicher, Winfried"]
[Result "0-1"]
[WhiteElo "1329"]
[BlackElo "835"]
[PlyCount "110"]
[EventDate "2018.07.21"]
[EventType "swiss"]
[EventRounds "9"]
[EventCountry "GER"]
[SourceTitle "CBM 186 Extra"]
[Source "ChessBase"]
[SourceDate "2018.08.24"]
[SourceVersion "1"]
[SourceVersionDate "2018.08.24"]
[SourceQuality "1"]

1. e4 g6 2. Nf3 Bg7 3. d4 b6 4. Nc3 Bb7 5. Bc4 e6 6. 0-0 Ne7 7. Re1 d6 8. Bf4 0-0 9. Qd2 Kh8 10. Bh6 Ng8 11. Bxg7+ Kxg7 12. d5 e5 13. Ne2 Ba6 14. Bd3 Bxd3 15. Qxd3 Nd7 16. b4 Ngf6 17. Ng3 h6 18. h3 Rh8 19. c4 Rb8 20. Kh1 Ra8 21. Rg1 a5 22. Rab1 axb4 23. Rb2 Nc5 24. Qc2 Rxa2 25. Rxa2 b3 26. Qb1 bxa2 27. Qxa2 Ncxe4 28. Qc2 Nxg3+ 29. fxg3 Qe7 30. Qf2 Ne4 31. Qe1 Nf6 32. Qf2 Ra8 33. Qc2 Nh5 34. Kh2 Re8 35. Nh4 e4 36. Qc3+ f6 37. Qe3 Qe5 38. Rf1 f5 39. Rf4 Nxf4 40. gxf4 Qe7 41. Qg3 Qf6 42. Qe1 g5 43. Qg3 Kf7 44. fxg5 hxg5 45. Nf3 exf3 46. Qxf3 Re4 47. Qh5+ Qg6 48. Qh8 Rxc4 49. Qc8 Qf6 50. Qd7+ Kg6 51. Qe8+ Kh6 52. Qg8 Qe5+ 53. Kg1 Qe3+ 54. Kh2 Qf4+ 55. g3 Qf2+ 0-1